| 000 | 00501nam a22001697a 4500 | ||
|---|---|---|---|
| 999 |
_c8506 _d8506 |
||
| 008 | 201128b ||||| |||| 00| 0 eng d | ||
| 040 | _aBMS College of Architecture | ||
| 100 | _aHemanth, R | ||
| 245 | _aIsland resort Kerala | ||
| 300 | _a50p. | ||
| 500 | _a1BM114AT072 | ||
| 502 |
_8B,Arch _NBMS College of Architecture, Visvesvaraya Technological University (VTU) _aProject report _d2018 |
||
| 650 | _aResort | ||
| 700 |
_aShunu Raina _eGuide |
||
| 700 |
_aSanal Suresh _eGuide |
||
| 942 |
_2ddc _cTHE |
||